Investment brief Hungary 1996.
| Format: | Book |
|---|---|
| Published: |
Budapest:
The Ministry of Industry and Trade,
1996.
|
| Subjects: |
| LEADER | 00485cam a2200169 7i4500 | ||
|---|---|---|---|
| 001 | 0000006133 | ||
| 005 | 19991025090000.0 | ||
| 002 | ##000007794 | ||
| 020 | 0 | 0 | |a T000006027 |
| 090 | 0 | 0 | |a HUNG 332.6 |b INV |
| 245 | 0 | 0 | |a Investment brief Hungary 1996. |
| 260 | 0 | 0 | |a Budapest: |b The Ministry of Industry and Trade, |c 1996. |
| 300 | 0 | 0 | |a 21 p.. |
| 650 | 0 | 0 | |a Business -- |z Hungary |
| 650 | 0 | 0 | |a Investments -- |z Hungary |
| 651 | 0 | 0 | |a Hungary |
| 999 | |a 0000009130 |b Book |c Open shelf |e Business Information Centre | ||